00451nam a2200181Ia 4500008004100000020001800041245002800059245004700087260001500134260001600149260000900165300001600174300002500190300001000215440003000225440000600255500000800261170705s9999 xx 000 0 und d a9780439149099 2aA wedding for wiglaf? / cKate McMullan ; illustrated by Bill Basso. aNew York : bScholastic, c1998 a109 pages : bcolor illustration ; c19cm. aDragon slayers' academy ; v4 a440